Т. 2; Источники минерального сырья для химической промышленности

গ্রন্থ-পঞ্জীর বিবরন
Parent link:Источники минерального сырья для химической промышленности/ Совет Съездов химической промышленности. Т. 2.— , 1927-
ভাষা:রুশ
প্রকাশিত: 1928
বিষয়গুলি:
বিন্যাস: MixedMaterials গ্রন্থ
KOHA link:https://koha.lib.tpu.ru/cgi-bin/koha/opac-detail.pl?biblionumber=261251

MARC

LEADER 00000nam2a2200000 4500
001 261251
005 20231101233540.0
035 |a (RuTPU)RU\TPU\book\284227 
035 |a RU\TPU\book\284226 
090 |a 261251 
100 |a 20140522d1928 k y0rusy50 ca 
101 0 |a rus 
102 |a RU 
105 |a a z 001zy 
200 0 |a Т. 2 
210 |d 1928 
215 |a 486 с.  |c ил. 
320 |a Библиография в конце глав. 
461 1 |0 (RuTPU)RU\TPU\book\287422  |t Источники минерального сырья для химической промышленности  |f Совет Съездов химической промышленности  |v Т. 2  |d 1927- 
606 1 |a Минеральное сырье  |x Переработка комплексная  |2 stltpush  |3 (RuTPU)RU\TPU\subj\32007  |9 54698 
610 1 |a химическая промышленность 
610 1 |a медный колчедан 
610 1 |a магнезиты 
610 1 |a марганец 
610 1 |a плавиковый шпат 
610 1 |a радиевые руды 
610 1 |a селен 
610 1 |a сера 
610 1 |a стронций 
610 1 |a ртуть 
675 |a 661.2/.6  |v 3 
801 1 |a RU  |b 63413507  |c 20140522 
801 2 |a RU  |b 63413507  |c 20221123  |g RCR 
942 |c BK